=LDR 00000nam 2200000 4500 =001 INLIS000000000809995 =005 20250924094258 =035 ##$$a 0010-0925000120 =100 ##$$a Edi Warsidi$e Pengarang =245 1#$$a Manggis Buah Eksotik dari Tropis /$c Edi Warsidi =250 ##$$a cetakan pertama =264 ##$$a Bandung : :$b Sanggabuana,,$c 2008 =300 ##$$a 68 halaman ; $c 21 cm =336 ##$$a teks$2 rdacontent =337 ##$$a tanpa perantara$2 rdamedia =338 ##$$a volume$2 rdacarrier =990 ##$$a 3661 =990 ##$$a 3552 =082 ##$$a 634 =084 ##$$a 634 EDI m =020 ##$$a 978-602-99898-3-3 =007 ta =008 250924###########################0######